| 000 | 00429nam a2200145Ia 4500 | ||
|---|---|---|---|
| 008 | 231129s1998||||xx |||||||||||||| ||spa|| | ||
| 020 | _a958-20-0391-X | ||
| 040 | _bspa | ||
| 082 | _a370.15 A674p | ||
| 100 | _aArcila Ramírez Gonzalo | ||
| 245 | 0 | _aPsicopedagogía para una ecología de la mente | |
| 260 | _c1998 | ||
| 264 | _aCooperativa Editorial Magisterio | ||
| 942 |
_2ddc _cBKS |
||
| 999 |
_c23523 _d23523 |
||